Investment and Enterprise Development. (Record no. 5970)

MARC details
000 -LEADER
fixed length control field 00565nam a22001937u 4500
001 - CONTROL NUMBER
control field 6399
003 - CONTROL NUMBER IDENTIFIER
control field OSt
005 - DATE AND TIME OF LATEST TRANSACTION
control field 20190718113335.0
007 - PHYSICAL DESCRIPTION FIXED FIELD--GENERAL INFORMATION
fixed length control field tu
008 - FIXED-LENGTH DATA ELEMENTS--GENERAL INFORMATION
fixed length control field 161220s1995 xxu|||||||||||00||0|eng|d
024 7# - OTHER STANDARD IDENTIFIER
Standard number or code 6399
Source of number or code RID
024 7# - OTHER STANDARD IDENTIFIER
Standard number or code 6399
Source of number or code RSN (alt)
040 ## - CATALOGING SOURCE
Transcribing agency OSt
110 2# - MAIN ENTRY--CORPORATE NAME
Corporate name or jurisdiction name as entry element European Bank for Reconstruction and Development (EBRD)
245 00 - TITLE STATEMENT
Title Investment and Enterprise Development.
Remainder of title Transition Report 1995
260 ## - PUBLICATION, DISTRIBUTION, ETC.
Place of publication, distribution, etc. London :
Name of publisher, distributor, etc. European Bank for Reconstruction and Development,
Date of publication, distribution, etc. 1995.
490 0# - SERIES STATEMENT
Series statement Transition Report
Volume/sequential designation 1995
International Standard Serial Number 1356-3424
942 ## - ADDED ENTRY ELEMENTS (KOHA)
Koha item type Periodical
Holdings
Withdrawn status Lost status Damaged status Not for loan Home library Current library Shelving location Date acquired Inventory number Total Checkouts Barcode Date last seen Price effective from Koha item type
        WIIW WIIW Library 08/04/2004 6399   10001897 01/26/2017 01/26/2017 Periodical
The Vienna Instiute for International Economic Studies (wiiw)